000 00858nam a22002897a 4500
001 BR8902195
003 BR-BrBNA
005 20230928093218.0
007 ta
008 230509b bl.||||| |||| 00| 0 por d
040 _aBR-BrBNA
_bpor
_cBiblioteca Nacional de Agricultura
041 _a(Por)
072 _aH01; L70; E70
_b/G514
090 _ H01 BR8902195
110 1 _aAssociacao Brasileira dos Criadores de Ras, Sao Paulo, SP (Brasil)
_9345
245 1 _aRelatorio 1985 [Delegacia Federal de Agricultura em Santa Catarina]
260 3 _aFlorianopolis, SC (Brasil):
_c1985.
300 _a129 p.
650 _aDEFESA VEGETAL
650 _aDEFESA ANIMAL
650 _aINSPECAO SANITARIA
650 _aCLASSIFICACAO DE PRODUTO
650 _aINSTITUICAO AGRICOLA
650 _aSAO PAULO
909 _a202309
_bLucia
_c55
_dLucia Elande
942 _cBK
999 _c43657
_d43657